Transducers and instrumentation / (Record no. 15073)

MARC details
000 -LEADER
fixed length control field 00930nam a22002657a 4500
005 - DATE AND TIME OF LATEST TRANSACTION
control field 20080825153052.0
008 - FIXED-LENGTH DATA ELEMENTS--GENERAL INFORMATION
fixed length control field 080825t xxu||||| |||| 00| 0 eng d
010 ## - LIBRARY OF CONGRESS CONTROL NUMBER
LC control number ENG-90754
020 ## - INTERNATIONAL STANDARD BOOK NUMBER
International Standard Book Number 9788120335691
Terms of availability 375.00
035 ## - SYSTEM CONTROL NUMBER
System control number EN-74287
037 ## - SOURCE OF ACQUISITION
Source of stock number/acquisition DBAD / PUB
082 ## - DEWEY DECIMAL CLASSIFICATION NUMBER
Classification number 621.381532
100 ## - MAIN ENTRY--PERSONAL NAME
Personal name Murty, D.V.S.
245 ## - TITLE STATEMENT
Title Transducers and instrumentation /
Statement of responsibility, etc by D.V.S. Murty
246 ## - VARYING FORM OF TITLE
Title proper/short title Electronics
250 ## - EDITION STATEMENT
Edition statement 2nd ed
260 ## - PUBLICATION, DISTRIBUTION, ETC. (IMPRINT)
Place of publication, distribution, etc New Delhi
Name of publisher, distributor, etc Prentice-Hall of India
Date of publication, distribution, etc 2008
300 ## - PHYSICAL DESCRIPTION
Extent xx, 723p. ;
Dimensions 24cm. (Pbk)
500 ## - GENERAL NOTE
General note Includes index
650 ## - SUBJECT ADDED ENTRY--TOPICAL TERM
Topical term or geographic name as entry element Transducers
650 ## - SUBJECT ADDED ENTRY--TOPICAL TERM
Topical term or geographic name as entry element Electronic equipment Transducers
650 ## - SUBJECT ADDED ENTRY--TOPICAL TERM
Topical term or geographic name as entry element Electronic measurement
General subdivision laboratory manuals
942 ## - ADDED ENTRY ELEMENTS (KOHA)
Institution code [OBSOLETE] dpl
Koha item type English Books
Source of classification or shelving scheme Dewey Decimal Classification
Classification part 621.381532
Call number suffix MUR
Holdings
Withdrawn status Lost status Damaged status Not for loan Collection code Home library Current library Date acquired Source of acquisition Cost, normal purchase price Total Checkouts Full call number Barcode Date last seen Cost, replacement price Price effective from Koha item type
      Not For Loan Non-fiction D.B.Act.Division D.B.Act.Division 25/08/2008 DBAD / PUB 375.00   621.381532 MUR EN-74287 15/09/2008 375.00 15/09/2008 English Books

© Delhi Public Library
Hit Counter
free hit counter